Governance in India: (Record no. 184109)

MARC details
000 -LEADER
fixed length control field 00660nam a22001937a 4500
005 - DATE AND TIME OF LATEST TRANSACTION
control field 20220121141347.0
010 ## - LCCN (DPL NO)
LC control number ENG-131088
020 ## - INTERNATIONAL STANDARD BOOK NUMBER
International Standard Book Number 978-93-90491-72-8
Terms of availability 430.00
035 ## - SYSTEM CONTROL NUMBER
System control number EN-114620
037 ## - SOURCE OF ACQUISITION
Source of stock number/acquisition DBAD
082 ## - DEWEY DECIMAL CLASSIFICATION NUMBER
Classification number 351.954076
100 ## - MAIN ENTRY--PERSONAL NAME
Personal name Laxmikanth, M.
245 ## - TITLE STATEMENT
Title Governance in India:
Remainder of title For Civil Services Preiminary (GS-I)and Main (GS-II) Examination/s/
Statement of responsibility, etc M Laxmikanth
250 ## - EDITION STATEMENT
Edition statement 3rd Edition
260 ## - PUBLICATION, DISTRIBUTION, ETC. (IMPRINT)
Place of publication, distribution, etc Chennai
Name of publisher, distributor, etc McGraw Hill Education Private Limited
Date of publication, distribution, etc 2022
270 ## - ADDRESS
City Chennai`
Address Anjana Complex No. 5/90 A, Butt Road, St Thomas Mount
Postal code 600016
300 ## - PHYSICAL DESCRIPTION
Extent 448p.
Dimensions 24cm(pbk)
942 ## - ADDED ENTRY ELEMENTS (KOHA)
Source of classification or shelving scheme Dewey Decimal Classification
Item type English Books
Classification part 351.954076
Call number suffix LAX
Holdings
Withdrawn status Lost status Not for loan Collection code Home library Current library Date acquired Source of acquisition Cost, normal purchase price Full call number Barcode Copy number Cost, replacement price Koha item type
      Non-fiction Patel Nagar Patel Nagar 12/01/2022 DBAD/PUB 430.00 351.954076 LAX EN-114620 1 430.00 English Books

© Delhi Public Library
Hit Counter
free hit counter